Países que contienen la letra G - Estadísticas

Estadísticas generales
  • Esta prueba ha sido intentada 2.395 veces
    2.393 desde el último reinicio
  • La puntuación promedio es 35 de 44
Estadísticas de respuestas
País % Correcto
Guatemala
93%
Grecia
92%
Guinea
92%
Guinea Ecuatorial
90%
Guinea Bissau
88%
Argentina
87%
Afganistán
86%
Gambia
86%
Paraguay
86%
Uruguay
86%
Angola
85%
Guyana
85%
Argelia
84%
Gabón
84%
Ghana
84%
Granada
84%
Georgia
83%
Antigua y Barbuda
80%
Madagascar
80%
Nicaragua
80%
Níger
79%
Nigeria
79%
Bélgica
78%
Bulgaria
78%
Portugal
78%
República del Congo
78%
República Democrática del Congo
78%
Uganda
78%
Egipto
77%
Hungría
77%
Mongolia
77%
Noruega
77%
Togo
77%
Papúa Nueva Guinea
76%
Tonga
75%
San Vicente y las Granadinas
74%
Senegal
74%
Bangladés
72%
Bosnia y Herzegovina
72%
Luxemburgo
72%
Kirguistán
71%
Singapur
71%
Trinidad y Tobago
69%
Montenegro
66%
No se encontraron pruebas coincidentes
Distribución de puntuación
Porcentaje de gente con cada puntuación
Porcentaje por número respondido
Historial de tus puntuaciones
No has intentado esta prueba desde el último reinicio